| 000 | 00995nam a22002657a 4500 | ||
|---|---|---|---|
| 005 | 20121127115521.0 | ||
| 008 | 121127t xxu||||| |||| 00| 0 eng d | ||
| 010 | _aENG-106230 | ||
| 020 |
_a9781259001215 _c325.00 |
||
| 020 |
_a1259001210 _c325.00 |
||
| 035 | _aEN-89763 | ||
| 037 | _bDBAD/PUB | ||
| 040 |
_aDPL _bEng |
||
| 082 | _a500 | ||
| 100 | 1 | _953862 | |
| 245 | 1 | 2 |
_aGeneral science for Civil Services Preliminary examination (paper-I) _cby Tara Chand...[et al] |
| 260 |
_aNew Delhi _bTata McGraw-Hill _c2013 |
||
| 270 |
_a7 West Patel Nagar _bNew Delhi _e110008 |
||
| 300 |
_avarious pagings _c24cm(pbk) |
||
| 490 |
_aTata McGraw-Hill's winning edge series _91235 |
||
| 700 |
_aTara Chand _953868 |
||
| 942 |
_2ddc _cEN _h500 _mGEN |
||
| 999 |
_c71669 _d71669 |
||